Bowling alone: The collapse and revival of american community /

El autor argumenta el declive del "capital social" en los Estados Unidos desde 1950. En tanto muestra la reducción de todas las formas de relación social que permite enriquecer el tejido social. El cree que esto socava la participación civil activa que una democracia sólida requiere de sus...

Descrizione completa

Salvato in:
Dettagli Bibliografici
Autore principale: Putnam, Robert D
Natura: Sconosciuto
Lingua:English
Pubblicazione: New York (State) : Simon and Schuster
Soggetti:
Tags: Aggiungi Tag
Nessun Tag, puoi essere il primo ad aggiungerne!!

MARC

LEADER 00000 a2200000 04500
001 40142
003 cru CIDCACS/IIS
005 20171027144704.0
008 050622s2000 nyu eng d
999 |c 1195  |d 1195 
020 |a 0-7432-0304-6  
040 |c CIDCACS/IIS 
090 |a 05.03.04 P922b  
100 |a Putnam, Robert D  
245 |a Bowling alone:   |b The collapse and revival of american community /   |c Robert D. Putnam  
260 |a New York (State) :   |b Simon and Schuster  
300 |a 541 páginas  
500 |a Colección Cambio Social donada por Paul Almeida  
520 |a El autor argumenta el declive del "capital social" en los Estados Unidos desde 1950. En tanto muestra la reducción de todas las formas de relación social que permite enriquecer el tejido social. El cree que esto socava la participación civil activa que una democracia sólida requiere de sus ciudadanos. Asimismo, analiza las maneras en que los estadounidenses se han despreocupado de la participación política, incluida la disminución del voto, asistencia a las reuniones públicas, sirviendo en comités y trabajando con los partidos políticos. Putnam también cita la creciente desconfianza de los estadounidenses en su Gobierno, lo que socava las bases de su legitimidad.  
590 |a RRA/FEBRERO2012  
650 |a CAPITAL SOCIAL  
650 |a PARTICIPACION SOCIAL  
650 |a PARTICIPACION POLITICA  
650 |a SOCIEDAD CIVIL  
650 |a DEMOCRACIA  
650 |a CIUDADANIA  
650 |a ESTADOS UNIDOS  
942 |2 ddc  |c LI